Statistics for United Arab Emirates True or False?

Click here to take the quiz!

General Stats

  • This quiz has been taken 36 times
  • The average score is 12 of 18

Answer Stats

QuestionAnswer% Correct
Dubai is the capital city of the UAEFalse
90%
The Emirates airline is from the UAETrue
90%
The Burj Khalifa is the name of the palace where the Emirati leader residesFalse
86%
The UAE is one of the hottest and driest countries in the worldTrue
86%
The UAE is comprised of 7 different Emirates, the largest of which is Abu Dhabi by farTrue
86%
There is an indoor ski resort in the UAETrue
83%
The UAE is a member of OPECTrue
76%
The UAE uses the dinar as its currencyFalse
72%
Dubai has the worlds busiest airportFalse
69%
The UAE has hosted both the FIFA World Cup (soccer), and the ICC World Cup (cricket)False
69%
There are more Indians living in the UAE than actual EmiratisTrue
66%
The UAE has more skyscrapers (150m+) than Russia, Brazil, India, Saudi Arabia, and Mexico combinedTrue
59%
The population of the UAE has increased by over 8% per year on average since 1950True
59%
It is possible to walk directly from the UAE to Qatar at low tideFalse
55%
The UAE has the third largest proven natural gas reserves of any country, behind Russia and IranFalse
52%
The Al Nahwah Cave can be found in and Emirati exclave inside and Omani exclave inside of the UAETrue
52%
The longest zipline in the world can be found in the UAETrue
45%
There is an artificial archipelago in the UAE called the "World Islands" with one small island named for every UN recognised countryFalse
24%

Score Distribution

Percentile by Number Answered

Percent of People with Each Score

Your Score History

You have not taken this quiz